000 00516nam a2200181Ia 4500
008 090124s9999 xx 000 0 und d
082 _b116939
100 _aलाटे दिनानाथ ना.
245 _a विषकन्या
250 _a1
260 _c1977
300 _a279
600 _aलाटे दिनानाथ ना.
630 _a विषकन्या
700 _aलाटे दिनानाथ ना.
730 _a विषकन्या
942 _cBOOK
999 _c163025
_d163025